Statistics for Top 20 Most Impressive Skylines

Click here to take the quiz!

General Stats

  • This quiz has been taken 12,227 times
    (12,205 since last reset)
  • The average score is 14 of 20

Answer Stats

Rank City % Correct
4New York
99%
14London
94%
10Paris
91%
11Tokyo
88%
17Los Angeles
87%
2Shanghai
82%
7Chicago
81%
1Hong Kong
79%
3Dubai
79%
12Sydney
76%
6Toronto
67%
13Rio de Janeiro
67%
8Singapore
66%
18San Francisco
65%
9Seattle
56%
15Seoul
56%
5Kuala Lumpur
50%
19Bangkok
47%
20Vancouver
44%
16Shenzhen
15%

Score Distribution

Percentile by Number Answered

Percent of People with Each Score

Your Score History

You have not taken this quiz since the last reset